| 000 -LEADER |
| fixed length control field |
00642nam a22001817a 4500 |
| 005 - DATE AND TIME OF LATEST TRANSACTION |
| control field |
20260305172323.0 |
| 008 - FIXED-LENGTH DATA ELEMENTS--GENERAL INFORMATION |
| fixed length control field |
260305s1990 enk||||| |||| 00| 0 eng d |
| 020 ## - INTERNATIONAL STANDARD BOOK NUMBER |
| International Standard Book Number |
9780385238847x |
| 041 ## - LANGUAGE CODE |
| Language code of text/sound track or separate title |
eng |
| 080 ## - UNIVERSAL DECIMAL CLASSIFICATION NUMBER |
| Universal Decimal Classification number |
008(520) H-18 |
| 100 ## - MAIN ENTRY--PERSONAL NAME |
| Personal name |
Hall, Edward T. |
| 9 (RLIN) |
27059 |
| 245 ## - TITLE STATEMENT |
| Title |
Hidden Differences: |
| Remainder of title |
Doing Business with the Japanese / |
| Statement of responsibility, etc. |
Edward T Hall, Mildred Reed Hal. |
| 264 ## - PRODUCTION, PUBLICATION, DISTRIBUTION, MANUFACTURE, AND COPYRIGHT NOTICE |
| Place of production, publication, distribution, manufacture |
New York : |
| Name of producer, publisher, distributor, manufacturer |
Anchor Books, |
| Date of production, publication, distribution, manufacture, or copyright notice |
1990. |
| 300 ## - PHYSICAL DESCRIPTION |
| Extent |
172 p.; |
| Other physical details |
20 cm. |
| 653 ## - INDEX TERM--UNCONTROLLED |
| keyword |
ბიზნესის კეთება იაპონელებთან |
| 700 ## - ADDED ENTRY--PERSONAL NAME |
| Personal name |
Reed, Hall Mildred |
| Relator term |
ავტორი |
| 9 (RLIN) |
27060 |
| 942 ## - ADDED ENTRY ELEMENTS (KOHA) |
| Source of classification or shelving scheme |
|
| Koha item type |
წიგნი |